Quiz Cultura Generale - Quiz n°101 - Statistics

Statistiche generali
  • Questo quiz è stato fatto 147 volte
  • Il punteggio medio è 9 su 15
Statistiche sulle risposte
Domanda Risposta % Corretto
Come si traduce in italiano la parola "fire"? Fuoco
99%
Qual è la capitale del Portogallo? Lisbona
91%
Da quanti gradi è formato un angolo giro? 360°
81%
Qual è il pianeta più piccolo del Sistema Solare? Mercurio
79%
Quale regista ha diretto il film "La vita è bella"? Roberto Benigni
75%
Quale fiume attraversa la città di Verona? Adige
66%
Chi ha scritto "La Vita Nova"? Dante Alighieri
64%
Quale tennista ha vinto più volte il torneo maschile di Wimbledon? Roger Federer
62%
Chi ha composto l'opera lirica "Nabucco"? Giuseppe Verdi
59%
In che anno è caduto l'Impero Romano d'occidente? 476 d.C.
55%
Quale squadra ha vinto la UEFA Europa League nella stagione 2023-2024? Atalanta
50%
Chi ha dipinto "Lo sposalizio della Vergine"? Raffaello Sanzio
41%
Come si chiama il luogo geometrico dei punti del piano equidistanti da un punto C detto centro? Circonferenza
35%
Qual è il simbolo dell'evangelista Luca? Toro
27%
Quale attrice ha vinto il premio Oscar come miglior attrice nel 2024? Emma Stone
23%
Nessun quiz corrispondente trovato
Distribuzione punteggi
Percentuale di utenti per punteggio
Percentile per numero di risposta
I tuoi punteggi nel tempo
Non hai fatto questo quiz